Программирование. Файлы. Динамические типы данных: текст лекций

গ্রন্থ-পঞ্জীর বিবরন
প্রধান লেখক: Жернак А. Н. Александр Николаевич
সংস্থা লেখক: Северо-Западный заочный политехнический институт (СЗПИ)
অন্যান্য লেখক: Кимашева Р. А. Раиса Александровна, Копейкин М. В. Михаил Васильевич
ভাষা:রুশ
প্রকাশিত: Ленинград, Изд-во СЗПИ, 1991
বিষয়গুলি:
বিন্যাস: গ্রন্থ
KOHA link:https://koha.lib.tpu.ru/cgi-bin/koha/opac-detail.pl?biblionumber=136045

MARC

LEADER 00000nam0a2200000 4500
001 136045
005 20231031140314.0
020 |a RU  |b 91-28584 
035 |a (RuTPU)RU\TPU\book\147436 
090 |a 136045 
100 |a 20080417d1991 m a0rusy5003 ca 
101 0 |a rus 
102 |a RU 
105 |a y j 001zy 
200 1 |a Программирование. Файлы. Динамические типы данных  |e текст лекций  |f Жернак А. Н., Кимашева Р. А., Копейкин М. В.  |g Северо-Западный заочный политехнический институт 
210 |a Ленинград  |c Изд-во СЗПИ  |d 1991 
215 |a 51 с.  |d 20 см 
320 |a Библиогр.: с. 51 (6 назв.) 
610 1 |a программирование 
610 1 |a файлы 
610 1 |a данные 
610 1 |a электронные вычислительные машины 
610 1 |a компьютеры 
610 1 |a базы данных 
610 1 |a учебные пособия 
610 1 |a лекции 
675 |a 681.3.06(075.8)  |z rus 
700 1 |a Жернак  |b А. Н.  |g Александр Николаевич  |4 070 
701 1 |a Кимашева  |b Р. А.  |g Раиса Александровна 
701 1 |a Копейкин  |b М. В.  |g Михаил Васильевич 
712 0 2 |a Северо-Западный заочный политехнический институт (СЗПИ)  |c (Ленинград)  |2 stltpush  |3 (RuTPU)RU\TPU\col\2602 
801 0 |a RU  |b RuMRKP  |c 19950417  |g psbo 
801 1 |a RU  |b 63413507  |c 20080417  |g PSBO 
801 2 |a RU  |b 63413507  |c 20081124  |g PSBO 
942 |c BK